| 000 | 00631nam a2200193 a 4500 | ||
|---|---|---|---|
| 001 | 000036188 | ||
| 005 | 20210511110157.0 | ||
| 008 | 120111s2011 dr a r 000 0 spa d | ||
| 020 | _a9789945445091 | ||
| 040 |
_aDO-SdBNP _bspa _cBNPHU |
||
| 082 |
_axxxx _bxxxx |
||
| 100 | 1 |
_aLajara Burgos, Luis Homero, _d 1920-1994 _917778 |
|
| 245 | 1 | 3 |
_aLa armada del milenio : _bbitácora de una misión / _cHomero Luis Lajara Solá. |
| 260 |
_aSanto Domingo : _bEdita-Libros, _c2011. |
||
| 300 |
_aix, 349 p. : _bil. ; _c25 cm. |
||
| 500 | _aIncluye índice onomástico | ||
| 504 | _aBibliografía : 339-343 | ||
| 590 | _aInventariado, 2019/BT | ||
| 999 |
_c35679 _d35679 |
||